000 01346cam a2200229 4500
001 ABS63252
008 000000n2000 000 0 eng u
035 _a(Sirsi) u109989
100 _aBowden, D
245 4 _aThe appointed surveyor as arbitrator
260 _c2000
490 _aStructural Survey
_v18(5) December 2000, 199-204(6)
520 _aThis paper considers the legal status of a surveyor appointed under section 10 of the Party Wall, etc Act 1996. By reference to that Act as well as to the Arbitration Act 1996, the European Convention and to the rules of natural justice, it argues that the section 10 procedure is a statutory arbitration. It therefore argues that the appointed surveyor is an arbitrator who must be independent, act impartially and be immune from suit. It also suggests that surveyors' awards can be adopted as judgments by the courts and that they can only be appealed against provided the strict appeals criteria of the Arbitration Act are met. Journal abstract.
590 _aABS
650 _aPARTY WALL ETC ACT 1996 S10
650 _aARBITRATION ACT 1996
650 _aParty walls
_96258
650 _aMANAGEMENT-DISPUTE AVOIDANCE, MANAGEMENT AND RESOLUTION-DISPUTE MANAGEMENT AND RESOLUTION-ARBITRATION
650 _aAPPOINTMENT OF ARBITRATOR
690 _aBoundary disputes
_96221
942 _n0
999 _c65603
_d65603